NCAA Logo #5 - Statistics

General Stats
  • This quiz has been taken 34 times
  • The average score is 11 of 16
Answer Stats
Picture Answer % Correct
Grambling
100%
Kennesaw State
94%
DePaul
82%
Tennessee
82%
Texas Southern
82%
Virginia Commonwealth
82%
Alabama State
76%
Northern Colorado
71%
Bethune Cookman
65%
Manhattan
65%
Bryant
59%
Coppin State
53%
North Carolina Wilmington
53%
Saint Bonaventure
53%
Fairfield
47%
California San Diego
41%
No matching quizzes found
Score Distribution
Percent of People with Each Score
Percentile by Number Answered
Your Score History
You have not taken this quiz